Spécialités culinaires du monde *3* - Statistiques

Statistiques générales
  • Ce quiz a été pris 170 fois
  • Le résultat moyen est 9 sur 15
Statistiques - réponses
Hint Réponse % Correct
Cassoulet France
93%
Irish stew Irlande
88%
Couscous Maroc
88%
Tortilla Espagne
86%
Sashimis Japon
86%
Pho Vietnam
69%
Houmous Liban
68%
Bacalhau à Bras Portugal
60%
Satay Indonésie
42%
Chakchouka Tunisie
42%
Jiaozi Chine
40%
Sancocho République dominicaine
38%
Ravitoto Madagascar
35%
Sarmale Roumanie
27%
Taramasalata Grèce
22%
Aucun quiz correspondant
Distribution des résultats
% des personnes avec chaque résultat
Percentile par nombre de réponses
Votre historique - résultats
Vous n’avez pas pris ce quiz